Argentína válságról válságra

Bibliographic Details
Main Author: Kecskés Bálint
Other Authors: Ferkelt Dr. Balázs
Format: Thesis
Kulcsszavak:Argentína
Válság
Elemzés
Online Access:http://dolgozattar.uni-bge.hu/20589

MARC

LEADER 00000nta a2200000 i 4500
001 dolg20589
005 20200428114206.0
008 190506suuuu hu om 000 hun d
040 |a BGE Dolgozattár Repozitórium  |b hun 
041 |a hu 
100 1 |a Kecskés Bálint 
245 1 0 |a Argentína válságról válságra  |c Kecskés Bálint  |h [elektronikus dokumentum] 
695 |a Argentína 
695 |a Válság 
695 |a Elemzés 
700 1 |a Ferkelt Dr. Balázs  |e ths 
856 4 0 |u http://dolgozattar.uni-bge.hu/20589/1/Argent%C3%ADna%20v%C3%A1ls%C3%A1gr%C3%B3l%20v%C3%A1ls%C3%A1gra%20-%20V%C3%A9gleges%21%21%21.pdf  |z Dokumentum-elérés